000 00766nam a22001337a 4500
040 _cRUA
082 _aAED SIM 2015 B532 Or.1
100 _aSIM MARETH; ស៊ីម ម៉ារ៉េត
245 _aThe study on economic efficiency of household silk handicraft in prey phdao commune, prey kabas district, takeo province; ការសិក្សាពីប្រសិទ្ធភាពសេដ្ឋកិច្ចនៃសិប្បកម្មតម្បាញសូត្រជាលក្ខណៈគ្រួសារ នៅឃុំព្រៃផ្ដៅ ស្រុកព្រៃកប្បាស ខេត្តតាកែវ
260 _aPHNOM PENH
_bSIM
_c2015
300 _axii;49p.
_bill.
_c29cm.
856 _u SIM MARETH
942 _cAED
999 _c10855
_d10855